Fontos Sándornál

Elmentve itt :
Bibliográfiai részletek
Szerző: Tandi Lajos
Dokumentumtípus: Cikk
Megjelent: 1974-03-31
Sorozat:Délmagyarország 64 No. 76
Kulcsszavak:Fontos Sándor
Online Access:http://dmarchiv.bibl.u-szeged.hu/93809
LEADER 00431nab a2200157 i 4500
001 delm93809
005 20190416105626.0
008 190416s1974 hu o 0|| hun d
040 |a SZTE Délmagyarország Archívum  |b hun 
041 |a hun 
100 1 |a Tandi Lajos 
245 1 0 |a Fontos Sándornál  |h [elektronikus dokumentum] /  |c  Tandi Lajos 
260 |c 1974-03-31 
300 |a 7 
490 0 |a Délmagyarország  |v 64 No. 76 
695 |a Fontos Sándor